000 00861nab a2200253 u 4500
001 10616
003 HDC
007 cr bn ---aaaaa
008 210205c20100121my dr|nes 0 a may d
040 _aHDC
100 _aDzulkfley Zanudin,
_eauthor
_910157
245 0 _aUAE pintu masuk barangan halal Malaysia /
_cby Dzulkfley Zanudin
260 _aKuala Lumpur :
_bNew Straits Times Press (M) Bhd.,
_c2013
336 _atext
_2rdacontent
337 _acomputer
_2rdamedia
338 _aonline resource
_2rdacarrier
650 _aHalal industry
_9144
650 _aInternational relation
_99192
710 _aBerita Harian
856 _zRequest full-text at [email protected]
942 _2lcc
942 _cNEWS
942 _kNWSC 003882
999 _c7939
_d7939